000 00321nam a2200121Ia 4500
008 240731s9999 xx 000 0 und d
022 _a1822-3613
245 0 _aUkio Technologinis ir Ekonominis Vystymas
260 _bTaylor & Francis
856 _uhttps://www.tandfonline.com/loi/tted20
942 _2ddc
942 _cTFEJ
999 _c80220
_d80220
945 _a1
_bMadushi Gamage
_c1
_dMadushi Gamage